000
00206nam a22000977a 4500
999
_c
15991
_d
15991
003
OSt
008
191025b ||||| |||| 00| 0 eng d
100
_a
Vimalkar.
_9
4457
245
_a
Ellanji pookal
942
_c
BK